000 00697nam a2200241Ia 4500
003 OSt
005 20220924124322.0
006 a|||||r|||| 00| 0
007 ta
008 220923b |||||||| |||| 00| 0 san d
024 _a26252
037 _cTextual
040 _aARTS
_cARTS
_bsan
041 _2san
_asan
082 _aQ124:4x3,1, 15M2 (EPS)
100 _aRaghu Vira ed
_950876
245 0 _aVaraha Grhyasutra with short extracts from the Paddatis of Gangadhara & Vasistha
260 _aNew Delhi
_b Panini
_c1982
300 _a64p.
_ccm.
650 _aRELIGION
942 _hQ124:4x3,1, 15M2 (EPS)
_cTEXL
_2CC
999 _c419235
_d419235